Statistiques concernant Boroughs (Arrondissements) de Londres sur une carte

Cliquez ici pour prendre le quiz!

Statistiques générales

  • Ce quiz a été pris 133 fois
  • Le résultat moyen est 6 sur 32

Réponses sur la Carte

Les réponses sont colorées sur une échelle allant du rouge au vert en fonction du pourcentage des utilisateurs qui les ont devinées à leur premier essai. Vous pouvez retrouver ces pourcentages ci-dessous.
 

Statistiques - réponses

Borough% Correct
Kensington et
Chelsea
75%
Cité de Westminster
67%
Hammersmith
et Fulham
50%
Camden
47%
Greenwich
32%
Croydon
23%
Islington
21%
Southwark
21%
Hackney
20%
Richmond upon
Thames
19%
Lambeth
18%
Tower Hamlets
16%
Newham
15%
Kingston upon
Thames
14%
Brent
13%
Ealing
13%
Lewisham
13%
Barking et
Dagenham
11%
Barnet
11%
Wandsworth
11%
Harrow
10%
Hounslow
10%
Redbridge
9%
Bexley
8%
Bromley
8%
Enfield
7%
Haringey
7%
Merton
7%
Sutton
7%
Waltham Forest
7%
Havering
6%
Hillingdon
6%

Distribution des résultats

Percentile par nombre de réponses

% des personnes avec chaque résultat

Votre développement - résultats

Vous n’avez pas pris ce quiz